[Event "Tamil Nadu IM 6th"]
[Site "Chennai"]
[Date "2023.11.20"]
[Round "3"]
[White "Ajay, Santhosh Parvathare"]
[Black "Hemanth, Raam"]
[Result "0-1"]
[WhiteElo "2180"]
[BlackElo "2230"]
[PlyCount "102"]
[EventDate "2023.11.19"]
[EventType "tourn"]
[EventRounds "9"]
[EventCountry "IND"]
[EventCategory "1"]
[SourceTitle "CB48_2023"]
[SourceDate "2023.11.29"]
[SourceVersion "1"]
[SourceVersionDate "2023.11.29"]
[SourceQuality "1"]

1. e4 e5 2. Nf3 Nc6 3. Bc4 Nf6 4. d3 h6 5. 0-0 d6 6. Nc3 Na5 7. Bd5 c6 8. Bxf7+ Kxf7 9. b4 Be7 10. bxa5 Qxa5 11. Bd2 Qc7 12. Ne2 Rf8 13. Ng3 Kg8 14. h3 Nh7 15. d4 Be6 16. Bc3 Ng5 17. Nxg5 Bxg5 18. Qd3 Qf7 19. dxe5 dxe5 20. Bb4 Bc4 21. Qa3 Bxf1 22. Bxf8 Bxg2 23. Bxg7 Bxh3 24. Bxe5 Rf8 25. Bd4 b6 26. Qb3 c5 27. Qxf7+ Rxf7 28. Be5 Bg4 29. a4 h5 30. a5 b5 31. a6 h4 32. Nf5 Bf3 33. Ra3 Bxe4 34. Nd6 Re7 35. f4 b4 36. Ra5 Rxe5 37. fxe5 Bxc2 38. Rb5 Bf4 39. Rb8+ Kg7 40. Rb7+ Kg6 41. Rxa7 Bb3 42. Rf7 Bxf7 43. Nxf7 Be3+ 44. Kg2 c4 45. Nd6 c3 46. e6 Kf6 47. e7 Kxe7 48. Nf5+ Kd7 49. Nxe3 Kc8 50. Nc4 c2 51. a7 Kb7 0-1

[Event "Asia-ch U20"]
[Site "Jamshedpur"]
[Date "2023.09.15"]
[Round "9"]
[White "Ajay, Santhosh Parvathare"]
[Black "Manish, Anto Cristiano F"]
[Result "1/2-1/2"]
[WhiteElo "2184"]
[BlackElo "2372"]
[PlyCount "76"]
[EventDate "2023.09.09"]
[EventType "swiss"]
[EventRounds "9"]
[EventCountry "IND"]
[SourceTitle "EXT 2024"]
[Source "ChessBase"]
[SourceDate "2023.10.10"]
[SourceVersion "1"]
[SourceVersionDate "2023.10.10"]
[SourceQuality "1"]

1. e4 c5 2. Nf3 Nc6 3. c3 Nf6 4. e5 Nd5 5. d4 cxd4 6. cxd4 d6 7. Bc4 Nb6 8. Bb3 dxe5 9. Nxe5 e6 10. Qf3 Qc7 11. Nxc6 Qxc6 12. Qxc6+ bxc6 13. Nc3 Be7 14. Ne4 Ba6 15. Bg5 Bd3 16. Bxe7 Bxe4 17. Bc5 Bd5 18. Bc2 Kd7 19. 0-0-0 Rhb8 20. h4 h5 21. Rhg1 g6 22. f3 a5 23. g4 Bxf3 24. Rdf1 hxg4 25. Bd1 Nc4 26. Bxf3 gxf3 27. Rxf3 Nd6 28. Bxd6 Kxd6 29. Rxf7 Rf8 30. Rg7 Rf4 31. R7xg6 Rxh4 32. Re1 Re8 33. Rd1 Rh5 34. Kc2 Rb8 35. Re1 Rh2+ 36. Kc3 Rh3+ 37. Kc2 Rh2+ 38. Kc3 Rh3+ 1/2-1/2

[Event "Asia-ch Blitz U20"]
[Site "Jamshedpur"]
[Date "2023.09.15"]
[Round "9"]
[White "Arun, Kataria"]
[Black "Ajay, Santhosh Parvathare"]
[Result "0-1"]
[WhiteElo "1851"]
[BlackElo "2184"]
[PlyCount "102"]
[EventDate "2023.09.15"]
[EventType "swiss (blitz)"]
[EventRounds "9"]
[EventCountry "IND"]
[SourceTitle "EXT 2024"]
[Source "ChessBase"]
[SourceDate "2023.10.10"]
[SourceVersion "1"]
[SourceVersionDate "2023.10.10"]
[SourceQuality "1"]

1. e4 c5 2. Nf3 d6 3. d4 cxd4 4. Nxd4 Nf6 5. Nc3 a6 6. Bg5 Nbd7 7. Bc4 Qb6 8. Bb3 g6 9. Qd2 Bg7 10. 0-0-0 h6 11. Bxf6 Nxf6 12. f4 Qc7 13. Kb1 b5 14. e5 dxe5 15. fxe5 Ng4 16. Nd5 Qb7 17. Nc6 Bd7 18. Na5 Qa7 19. Nb6 Nxe5 20. Nxa8 Qxa8 21. Rhe1 Bg4 22. Rc1 0-0 23. h3 Bf5 24. g4 Nf3 25. Qf4 Nxe1 26. gxf5 Qf3 27. Qxf3 Nxf3 28. fxg6 Nd2+ 29. Ka1 Nxb3+ 30. axb3 fxg6 31. Nc6 e5 32. Re1 Re8 33. c4 e4 34. c5 Bf8 35. b4 e3 36. Kb1 Re6 37. Nd4 Re4 38. Ne2 Rxb4 39. c6 Bd6 40. Nc3 Rc4 41. Rxe3 Rxc6 42. Nd5 Kf7 43. Rf3+ Ke6 44. Nc3 Be5 45. Re3 b4 46. Ne2 Rd6 47. Kc2 Kf5 48. Rf3+ Ke4 49. Rf8 Ke3 50. Nc1 Rd2+ 51. Kb1 Rxb2+ 0-1

[Event "Asia-ch U20"]
[Site "Jamshedpur"]
[Date "2023.09.14"]
[Round "8"]
[White "Kushagra, Mohan"]
[Black "Ajay, Santhosh Parvathare"]
[Result "0-1"]
[WhiteElo "2410"]
[BlackElo "2184"]
[PlyCount "74"]
[EventDate "2023.09.09"]
[EventType "swiss"]
[EventRounds "9"]
[EventCountry "IND"]
[SourceTitle "EXT 2024"]
[Source "ChessBase"]
[SourceDate "2023.10.10"]
[SourceVersion "1"]
[SourceVersionDate "2023.10.10"]
[SourceQuality "1"]

1. e4 c5 2. Nf3 d6 3. d4 cxd4 4. Nxd4 Nf6 5. Nc3 a6 6. h3 e5 7. Nf3 h5 8. Bc4 Be6 9. Bb3 Be7 10. 0-0 Nc6 11. Qe2 Qc8 12. Bxe6 fxe6 13. Be3 b5 14. Rad1 0-0 15. Ng5 g6 16. f4 Nh7 17. Nxh7 Kxh7 18. f5 Nd4 19. fxg6+ Kxg6 20. Qd2 Qc4 21. a3 a5 22. Bxd4 exd4 23. Ne2 Bg5 24. Qe1 e5 25. Rf5 Qxc2 26. Qf1 Bh6 27. Ng3 h4 28. Rd3 Qc1 29. Qxc1 Bxc1 30. Rdf3 Bf4 31. Rxf8 Rxf8 32. Nf5 Kg5 33. Ne7 Be3+ 34. Kf1 Rxf3+ 35. gxf3 Bc1 36. Nc6 a4 37. Na7 b4 0-1

[Event "Asia-ch U20"]
[Site "Jamshedpur"]
[Date "2023.09.13"]
[Round "7"]
[White "Harshavardhan, GB."]
[Black "Ajay, Santhosh Parvathare"]
[Result "0-1"]
[WhiteElo "2397"]
[BlackElo "2184"]
[PlyCount "94"]
[EventDate "2023.09.09"]
[EventType "swiss"]
[EventRounds "9"]
[EventCountry "IND"]
[SourceTitle "EXT 2024"]
[Source "ChessBase"]
[SourceDate "2023.10.10"]
[SourceVersion "1"]
[SourceVersionDate "2023.10.10"]
[SourceQuality "1"]

1. e4 c5 2. Nf3 d6 3. d4 cxd4 4. Nxd4 Nf6 5. Nc3 a6 6. Bg5 Nbd7 7. Bc4 Qb6 8. Bb3 e6 9. Bxf6 Nxf6 10. Qd2 Be7 11. 0-0-0 Qc7 12. g4 Bd7 13. g5 Nh5 14. f4 h6 15. h4 g6 16. f5 gxf5 17. exf5 e5 18. f6 Bf8 19. Nde2 Be6 20. Rhf1 hxg5 21. hxg5 0-0-0 22. Nd5 Qc5 23. Qe1 Rg8 24. Rf3 Kb8 25. Rc3 Qa7 26. Qh4 Rh8 27. Qa4 a5 28. Qc4 Qc5 29. Qd3 Qa7 30. a4 Bd7 31. Ne7 Qb6 32. Qxd6+ Qxd6 33. Rxd6 Nxf6 34. gxf6 Rh1+ 35. Kd2 Bh6+ 36. Kd3 Rd1+ 37. Ke4 Rxd6 38. Kxe5 Be6 39. Ng3 Bc1 40. Rc5 Bxb2+ 41. Ke4 Bxb3 42. cxb3 Re6+ 43. Kf3 Rd3+ 44. Kg4 Bxf6 45. Nef5 Rxb3 46. Rxa5 Be5 47. Ne4 Bc7 0-1

[Event "Pozarevac Rudar IM 14th"]
[Site "Pozarevac"]
[Date "2023.07.30"]
[Round "6"]
[White "Geivondian, Arman"]
[Black "Ajay, Santhosh Parvathare"]
[Result "0-1"]
[WhiteElo "2306"]
[BlackElo "2034"]
[PlyCount "136"]
[EventDate "2023.07.26"]
[EventType "tourn"]
[EventRounds "9"]
[EventCountry "SRB"]
[EventCategory "1"]
[SourceTitle "CBM 215 Extra"]
[Source "ChessBase"]
[SourceDate "2023.09.30"]
[SourceVersion "1"]
[SourceVersionDate "2023.09.30"]
[SourceQuality "1"]

1. d4 Nf6 2. Nf3 g6 3. Bg5 Bg7 4. c3 0-0 5. Nbd2 d6 6. e3 h6 7. Bh4 g5 8. Bg3 Bf5 9. h3 Nc6 10. Bc4 Qe8 11. Qe2 e5 12. e4 Bg6 13. dxe5 dxe5 14. b4 Nh5 15. 0-0 Nf4 16. Qe3 Kh7 17. Nb3 Ne7 18. h4 f5 19. hxg5 fxe4 20. Nh4 Nf5 21. Nxf5 Rxf5 22. Nc5 Rf8 23. Rfe1 b5 24. Bf1 Nd5 25. Qe2 e3 26. fxe3 e4 27. Rac1 Bxc3 28. gxh6 Bxe1 29. Bxe1 c6 30. Nb3 Kxh6 31. Nd4 Rc8 32. Bg3 Bh5 33. Qe1 Qg6 34. Be5 Qg5 35. Bf4 Nxf4 36. exf4 Qxf4 37. Ne6 Qxf1+ 38. Qxf1 Rxf1+ 39. Rxf1 e3 40. Rf6+ Kh7 41. Rf5 Bg4 42. Re5 e2 43. Nf4 c5 44. Nxe2 cxb4 45. Nd4 a6 46. Re4 Rc1+ 47. Kh2 Bc8 48. Re2 Rc4 49. Rd2 Kg6 50. Kg3 Kg5 51. Nf3+ Kf5 52. Re2 Be6 53. Rf2 Rc3 54. Kh4 Bd5 55. g4+ Ke4 56. Ng5+ Ke3 57. Rb2 a5 58. Nh7 Kd3 59. Nf6 Bc4 60. Nd7 Rc2 61. Ne5+ Kc3 62. Rb1 Bxa2 63. Rg1 b3 64. Rg3+ Kd4 65. Nf3+ Kc5 66. Ne1 Rh2+ 67. Kg5 b2 68. Nd3+ Kd4 0-1

[Event "Hosur op 3rd"]
[Site "Hosur"]
[Date "2023.02.01"]
[Round "1"]
[White "Nishanth, K2222"]
[Black "Ajay, Santhosh Parvathare"]
[Result "0-1"]
[WhiteElo "1242"]
[BlackElo "2042"]
[PlyCount "80"]
[EventDate "2023.02.01"]
[EventType "swiss"]
[EventRounds "9"]
[EventCountry "IND"]
[SourceTitle "CBM 212 Extra"]
[Source "ChessBase"]
[SourceDate "2023.03.31"]
[SourceVersion "1"]
[SourceVersionDate "2023.03.31"]
[SourceQuality "1"]

1. d4 Nf6 2. c4 g6 3. Nf3 Bg7 4. g3 d6 5. Bg2 0-0 6. 0-0 c6 7. h3 Bf5 8. Nc3 Ne4 9. Nxe4 Bxe4 10. Be3 Na6 11. Qd2 Qc7 12. Bh6 Rfd8 13. Bxg7 Kxg7 14. Ng5 Bxg2 15. Kxg2 Nb8 16. d5 Nd7 17. Qc3+ Kg8 18. Rac1 Nf6 19. Qf3 Rac8 20. Rc3 cxd5 21. cxd5 Qa5 22. Ra3 Qb4 23. Rb3 Qd4 24. Rxb7 h6 25. Rxe7 hxg5 26. b3 Re8 27. e3 Qxd5 28. e4 Nxe4 29. Rd1 Qf5 30. Qxf5 gxf5 31. Rxa7 Rc2 32. Rf1 Rd8 33. a4 d5 34. Ra5 d4 35. Rxf5 d3 36. a5 d2 37. Kf3 Nc3 38. Rxg5+ Kf8 39. Rc5 Rc1 40. Rxc3 Rxf1 0-1

[Event "IND-ch U15 47th"]
[Site "New Delhi"]
[Date "2022.12.05"]
[Round "10"]
[White "Pawar, Harshit"]
[Black "Ajay, Santhosh Parvathare"]
[Result "1-0"]
[WhiteElo "2110"]
[BlackElo "1731"]
[PlyCount "125"]
[EventDate "2022.11.28"]
[EventType "swiss"]
[EventRounds "11"]
[EventCountry "IND"]
[SourceTitle "CBM 211 Extra"]
[Source "ChessBase"]
[SourceDate "2023.01.31"]
[SourceVersion "1"]
[SourceVersionDate "2023.01.31"]
[SourceQuality "1"]

1. d4 Nf6 2. Bf4 g6 3. Nf3 Bg7 4. c3 0-0 5. Nbd2 d5 6. h3 c5 7. e3 Nc6 8. dxc5 Re8 9. Be2 e5 10. Bh2 Qe7 11. b4 d4 12. b5 dxc3 13. Nb3 Nb4 14. Bxe5 Bf5 15. 0-0 Rad8 16. Bd6 Qd7 17. Ne5 Qc8 18. Nd3 Nfd5 19. Nxb4 Nxb4 20. a3 c2 21. Qd2 Bxa1 22. Rxa1 Nd5 23. Qxd5 Be6 24. Qd3 Bxb3 25. Qxb3 Rxd6 26. Qxc2 Red8 27. Bf3 Rd2 28. Qc4 Rb2 29. Rf1 Qc7 30. a4 Rc8 31. Rc1 Rd2 32. a5 Qe7 33. Bd5 Rd8 34. e4 Qh4 35. Qf1 Qe7 36. Qc4 Qh4 37. Qf1 Qe7 38. b6 axb6 39. cxb6 Qa3 40. Ra1 Qb2 41. Ra2 Qd4 42. Rxd2 Qxd2 43. Qa1 Rd7 44. a6 bxa6 45. b7 Qf4 46. Qc3 Qb8 47. Qc8+ Rd8 48. Qc4 Qd6 49. Bxf7+ Kg7 50. Bd5 Rf8 51. Qc3+ Qf6 52. Qc7+ Kh6 53. b8Q Qxf2+ 54. Kh2 Rxb8 55. Qxb8 a5 56. Qg3 Qf6 57. e5 Qf5 58. Qh4+ Kg7 59. Qe7+ Kh6 60. Qf6 Qd3 61. Bf3 a4 62. Qf8+ Kg5 63. h4+ 1-0